LDR 00844naa#a2200217#i#450# 001 EN\\bibl\125468 005 20260630094729.2 011 ## _a2077-7566 100 ## _a20260629b2026####ek#y0engy0150####ca 101 0# _aRUS 102 ## _aRU 200 1# _aEVALUATION OF THE EFFECTIVENESS OF DENTAL REHABILITATION OF CHILDREN WITH ORPHAN DISEASES AND DISORDERS OF PHOSPHORUS-CALCIUM METABOLISM BASED ON QUALITY OF LIFE CRITERIA _eJournal article 210 1# _aEkaterinburg _cTIRAZH Publishing House _d2026 215 ## _a6 с. 608 ## _aJournal article _2local 675 ## _aСтоматология. Заболевания ротовой полости и зубов. 616.31 _zRUS 700 #1 _aAlekseeva _gIrina Aleksandrovna 700 #1 _aKisel'nikova _gLarisa P. 700 #1 _aKovylina _gOlga S. 700 #1 _aTsymlyanskaya _gViktoria V. 856 4# _adental-press.ru _u